LEADER 00404nab a2200145 i 4500 001 000000264581 003 CaOOAMICUS 005 20060711000000.0 008 060711n xx uu u0 0und r 013 $a7353 040 $aSeMil$bita 245 10$a[SENZA TITOLO]. 500 $aJuni 2006. 773 0 $t2006.$dTübingen : Mohr Siebeck, copyr. 2006.$w()149874 996 $6245$a[SENZA TITOLO]$9(OLS)http://semarc/title/354609 LEADER 00788nam a2200193 i 4500 001 000000179532 003 CaOOAMICUS 005 20090515000000.0 008 090515s1975 it u000 u fre u 013 $a157109 040 $aSeMil$bita 100 1 $aAubert, Roger,$d<1914-2009>.$0(OLS)http://semarc/name/441 245 12$aL'Église dans le monde moderne :$b1848 à nos jours /$cpar R. Aubert ... [et al.]. 300 $a925 p. :$bill. 500 $aContiene : Bibliographie ; Chronologie. 773 0 $tNouvelle histoire de l'Église.$dParis : Ed. du Seuil, 1963-1975.$g5$w()21332 850 $aSeMil 852 $aSeMil$W1$xVenegono$y1$m3B II 155$j130294$B130294$CSeMilBibl$Z2$F141764 $81 996 $6245$aL'Église dans le monde moderne :$b1848 à nos jours$9(OLS)http://semarc/title/257761